000 00384 a2200145 4500
001 63147
040 _cAnchieta - Pituba
100 _aFabiane Mesquita e Suilan Lago
240 1 0 _a2ª Avaliação de Língua Portuguesa, II Unidade
_lpor
245 1 0 _a2ª Avaliação de Língua Portuguesa, II Unidade
300 _a9
362 0 _a2017
650 4 _aLíngua portuguesa
942 _cBK
999 _c63147
_d63147